00810nam a22002537a 45000010005000000030006000050050017000110080041000280200016000690400029000850500010001140820011001241000020001352450052001552500032002072600046002393000049002855050008003345200116003425210024004585210020004826500023005027000031005254905FISKH20241023131835.0241023b cb ||||| |||| 00| 0 eng d a08904808605 aFISKHbengcFISKHdFISKH aQM101 a611.71 aCumbaa, Stephen aThe Bones Book & Skeleton /cby Stephen Cumbaa  aFirst printing October 1991 aNew York : bWorkman Publishing ;c1991 . a64 pages : bcolor illustrations ;c21 cm .  aZ  aA collection of activities, quizzes, games, puzzles, and experiments exploring the human body and how it works.8 a1150 bLexile IG 8 aZ bRaz-Plus  abonesvnon-fiction aFave, Kim Laeillustrator